MARC details
| 000 -LEADER |
| campo de control de longitud fija |
01447nam a2200145 4500 |
| 008 - DATOS DE LONGITUD FIJA--INFORMACIÓN GENERAL |
| campo de control de longitud fija |
026.7 B275c |
| 020 ## - NÚMERO INTERNACIONAL ESTÁNDAR DEL LIBRO |
| Número Internacional Estándar del Libro |
9786079760533 |
| 082 ## - NÚMERO DE LA CLASIFICACIÓN DECIMAL DEWEY |
| Número de clasificación |
026.7 |
| Número de ítem |
B275c |
| 100 ## - ENTRADA PRINCIPAL--NOMBRE DE PERSONA |
| Nombre de persona |
Aréchiga Mantilla, Sol et al |
| 9 (RLIN) |
7140 |
| 245 ## - MENCIÓN DEL TÍTULO |
| Título |
Archivos Fuera de Lugar: |
| Resto del título |
Circuitos expositivos, digitales y comerciales del documento |
| 260 ## - PUBLICACIÓN, DISTRIBUCIÓN, ETC. |
| Lugar de publicación, distribución, etc. |
México |
| Nombre del editor, distribuidor, etc. |
Taller de Ediciones Económicas |
| Fecha de publicación, distribución, etc. |
2017 |
| 300 ## - DESCRIPCIÓN FÍSICA |
| Extensión |
236 p. |
| Otras características físicas |
il. |
| Dimensiones |
21 x 14 cm |
| 505 ## - NOTA DE CONTENIDO CON FORMATO |
| Título |
Introducción |
| Mención de responsabilidad |
Sofía Carrillo Herrerías |
| Título |
Custodiar el futuro. Archivo, inventario y memoria del arte latinoamericano |
| -- |
Algunas anotaciones sobre museos, redes y el legado de Walter Zanini en Brasil |
| Mención de responsabilidad |
Cristina Freire |
| Título |
Sobre la contundencia del arkhé, el ICAA y el desdoblamiento del arte latinoamericano |
| Mención de responsabilidad |
María C. Gaztambide |
| Título |
Mesa de discusión |
| Mención de responsabilidad |
Diego Flore Magón, Francisco Reyes Palma, Mónica Mayer, Sol Henaro |
| Título |
Réplicas y emplazamientos. El documento en el espacio expositivo |
| -- |
Poéticas del resto |
| Mención de responsabilidad |
Gustavo Buntinx |
| Título |
Mesa de discusión |
| Mención de responsabilidad |
Pilar García, Julio García Murillo, Giacomo Castagnola, Joaquín Barriendos |
| Título |
Archivos/activos. Las galerías de arte y la comercialización de documentos |
| -- |
Dilemas de la documentación |
| Mención de responsabilidad |
Martha Wilson |
| Título |
Qué es archivo y qué es memoria |
| Mención de responsabilidad |
Carla Stellweg |
| Título |
Mesa de discusión |
| Mención de responsabilidad |
Ana Garduño, Ricardo Ocampo, Henrique Faría |
| Título |
Colaboradores |
| 650 ## - PUNTO DE ACCESO ADICIONAL DE MATERIA--TÉRMINO DE MATERIA |
| Subdivisión general |
archivos - arte |
| -- |
arte - archivos - latinoamerica |
| -- |
archivos - museos - redes |
| -- |
archivos - memoria |
| -- |
archivos - documentación |
| 9 (RLIN) |
7142 |